[Llibreta Gabinet de Premsa i Comunicació #DibaOberta]
Descripción Física:
1 llibreta enquadernada 21 x 14 cm
Idioma:
Catalán
MARC
| LEADER | 00000nam a22000007a 4500 | ||
|---|---|---|---|
| 001 | 25008 | ||
| 008 | 211122b spa||||| |||| 00| 0 cat d | ||
| 080 | |a NBM-12-21 | ||
| 110 | 1 | |a Barcelona (Catalunya : Província). |b Gabinet de Premsa i Comunicació |9 51838 | |
| 245 | |a [Llibreta Gabinet de Premsa i Comunicació #DibaOberta] | ||
| 260 | |a Barcelona : |b Diputació de Barcelona ; |c [s.a.] | ||
| 300 | |a 1 llibreta enquadernada |c 21 x 14 cm | ||
| 500 | |a Es troba dins d'una capsa de cartró negre | ||
| 610 | 1 | 0 | |a Barcelona (Catalunya : Província). |b Gabinet de Premsa i Comunicació |9 51838 |
| 655 | 0 | |9 54934 |a Llibretes | |
| 942 | |2 udc |c ARXIU |n 1 | ||
| 952 | |0 0 |1 0 |2 udc |4 0 |6 NBM1221 |7 1 |9 60819 |a Arxiu |b Arxiu |d 2021-11-22 |l 0 |o NBM-12-21 |p 25008 |r 2021-11-22 00:00:00 |w 2021-11-22 |y ARXIU | ||
| 999 | |c 80952 |d 80952 | ||